00765cam a22002177a 4500003000500000005001700005008004100022010001000063011001000073035001000083040000900093082001400102100003200116245008100148260005200229300001100281650004500292650004400337650004500381711012100426CHAP20220329135050.0971013s1984 r 00010 d a30366 a31338 a35450 cCHAP a382.1bC600aCorona Rentería, Alfonso. 0aImpactos regionales de las relaciones económicas México - Estados Unidos aMéxico, D.F. :bEl Colegio de México,c1984 a507 p.14aE.U.A.xRelaciones exterioresxMéxico.14aMéxicoxRelaciones exterioresxE.U.A.14aRelaciones económicas internacionales.0 aEncuentro sobre Impactos Regionales de las Relaciones Económicas México-Estados Unidosd(1981 :cMéxico, D.F.)